000 00467nam a2200181Ia 4500
008 240729s9999 xx 000 0 und d
022 _a2673-8104
245 0 _aMerits
260 _aSwitzerland
260 _bMDPI AG
650 _a Business
650 _a Commerce
650 _a Personnel management. Employment management
650 _aSocial Sciences
856 _uhttps://doaj.org/toc/642cb52caad04aeba91d7438b8c54ef0
942 _2ddc
942 _cDOAJEJ
999 _c68508
_d68508
945 _a1
_bMadushi Gamage
_c1
_dMadushi Gamage